La inversión privada en la Argentina (1950-2000) (Registro nro. 5013)
[ vista simple ]
| 000 -LEADER | |
|---|---|
| fixed length control field | 01383 a2200265 4500 |
| 001 - CONTROL NUMBER | |
| control field | 52891 |
| 005 - DATE AND TIME OF LATEST TRANSACTION | |
| control field | 20260407155803.0 |
| 008 - FIXED-LENGTH DATA ELEMENTS--GENERAL INFORMATION | |
| fixed length control field | 260407a2007 arg spa d |
| 003 - CONTROL NUMBER IDENTIFIER | |
| control field | AR-UNSa-BCEJYS |
| 040 ## - CATALOGING SOURCE | |
| Original cataloging agency | AR-UNSa-BCEJYS |
| Language of cataloging | spa |
| Transcribing agency | AR-UNSa-BCEJYS |
| 080 ## - UNIVERSAL DECIMAL CLASSIFICATION NUMBER | |
| Universal Decimal Classification number | 330.322.12 |
| Common auxiliary subdivision | Inversión privada |
| 020 ## - INTERNATIONAL STANDARD BOOK NUMBER | |
| International Standard Book Number | 978-950-9445-42-0 |
| 041 ## - LANGUAGE CODE | |
| Language code of text/sound track or separate title | spa |
| 100 1# - MAIN ENTRY--PERSONAL NAME | |
| Personal name | Coremberg, Ariel Alberto |
| 245 10 - TITLE STATEMENT | |
| Title | La inversión privada en la Argentina (1950-2000) |
| 264 #1 - PRODUCTION, PUBLICATION, DISTRIBUTION, MANUFACTURE, AND COPYRIGHT NOTICE | |
| Place of production, publication, distribution, manufacture | Buenos Aires : |
| Name of producer, publisher, distributor, manufacturer | Temas Grupo Editorial |
| Date of production, publication, distribution, manufacture, or copyright notice | 2007 |
| 300 ## - PHYSICAL DESCRIPTION | |
| Extent | xi, 243 p. |
| Dimensions | 22 cm. |
| 505 ## - FORMATTED CONTENTS NOTE | |
| Formatted contents note | 1. La inversión privada: Concepto y relevancia para el caso argentino - 2. La teoría de la inversión - 3. Algunos hechos estilizados de la inversión privada en la Argentina - 4. La tasa de inversión en la Argentina 1950-2000 - 5. Composición de la inversión - 6. La contribución de la inversión al crecimiento económico - 7. La Argentina 1950-2000: Medio siglo de inestablilidad política y macroeconómica - 8. Incentivos a la inversión: Regímenes de promoción - 9. Comportamiento del ahorro interno y externo - 10. Incidencia de Riesgo País |
| 590 ## - LOCAL NOTE (RLIN) | |
| Local note | niveau_biblio:m niveau_hierar:0 |
| 700 1# - ADDED ENTRY--PERSONAL NAME | |
| Personal name | Marotte, Baltazar |
| 700 1# - ADDED ENTRY--PERSONAL NAME | |
| Personal name | Rubini, Héctor |
| 700 1# - ADDED ENTRY--PERSONAL NAME | |
| Personal name | Tisocco, David |
| 856 41 - ELECTRONIC LOCATION AND ACCESS | |
| Uniform Resource Identifier | <a href="https://www.biblioeco.unsa.edu.ar/pmb/images/libros/L128293.jpg">https://www.biblioeco.unsa.edu.ar/pmb/images/libros/L128293.jpg</a> |
| Link text | Imagen de portada |
| Electronic format type | image/jpeg |
| 942 ## - ADDED ENTRY ELEMENTS (KOHA) | |
| Koha item type | |
| Withdrawn status | Lost status | Damaged status | Not for loan | Home library | Current library | Shelving location | Date acquired | Total checkouts | Full call number | Barcode | Date last seen | Price effective from | Koha item type |
|---|---|---|---|---|---|---|---|---|---|---|---|---|---|
| Biblioteca Prof. Eusebio Cleto del Rey | Biblioteca Prof. Eusebio Cleto del Rey | 07/04/2026 | 330.322.12 I62 | L128293 | 07/04/2026 | 07/04/2026 | Libro |